TOP 20 MVP eredivisie 2024/25 - Statistieken

Algemene statistieken
  • Deze quiz is 30 keer genomen
  • De gemiddelde score is 14 van 22
Antwoordstatistieken
Club Bij goals betrokken Aantal goals Aantal assists Antwoord % Correct
3. PSV 22 14 8 Luuk de Jong
93%
5. PSV 21 11 10 Noa Lang
93%
6. PSV 21 10 11 Guus Til
89%
19. Ajax 12 10 2 Wout Weghorst
89%
1. Twente 31 24 7 Sem Steijn
85%
14. PSV 14 12 2 Malik Tillman
81%
2. Feyenoord 26 16 10 Igor Paixao
74%
10. Go Ahead/Ajax 15 12 3 Oliver Edvardsen
74%
15. Go Ahead Eagles 14 8 6 Victor Edvardsen
74%
8. PSV 17 9 8 Ivan Perisic
70%
12. Ajax 15 9 6 Kenneth Taylor
70%
4. PSV 22 11 11 Ismael Saibari
67%
17. PSV 13 11 2 Ricardo Pepi
63%
7. Go Ahead Eagles 21 6 15 Oliver Antman
59%
18. Sparta Rotterdam 12 10 2 Tobias Lauritsen
52%
9. AZ 16 14 2 Troy Parrott
52%
16. PEC Zwolle 13 13 0 Dylan Vente
44%
22. Twente 12 5 7 Mitchell Vlap
37%
20. Utrecht 12 8 4 Paxten Aaronson
30%
21. RKC 12 5 7 Richonell Margaret
26%
13. NEC 15 9 6 Vito van Crooij
26%
11. Go Ahead Eagles 15 10 5 Jakob Breum
22%
Geen overeenkomende quizzen gevonden
Scoreverdeling
Procent van Mensen met Elke Score
Percentiel versus Aantal Correcte Antwoorden
Uw Scoregeschiedenis
U heeft deze quiz nog niet genomen